Titres de l'album de Jul TP sur TP - Disque 1 - Statistiques

Statistiques générales
  • Ce quiz a été pris 23 fois
  • Le résultat moyen est 8 sur 16
Statistiques - réponses
Réponse % Correct
BDR
78%
Nostalgique
78%
TP sur TP
67%
Cassage de nuques pt 5
56%
La solitudine
56%
Par intérêt
56%
Que tu quieres
56%
Triste everyday
56%
Tu tenenew
56%
Visière fumée
56%
A chacun sa victoire
44%
Je suis entrain de serrer
44%
Je suis love
44%
Ma p'tite prison
44%
Des inconnus
22%
Je suis pas comme toi
22%
Aucun quiz correspondant
Distribution des résultats
% des personnes avec chaque résultat
Percentile par nombre de réponses
Votre historique - résultats
Vous n’avez pas pris ce quiz